[Event "HCL-C281"]
[Site "www.playchess.de"]
[Date "2001.04.23"]
[Round "17"]
[White "Jozef_De_Meye"]
[Black "thalis"]
[WhiteElo "1278"]
[BlackElo "1000"]
[PlyCount "54"]
[Result "0-1"]

1.d4 d5 2.c4 {Hi, I am from Belgium, good luck}  
e5 {Thanks, I wish you the same. On a nice game!}  
3.dxe5 d4 {That´s a nice chess site here ...}  
4.Nf3 Bc5 5.g3 Ne7 6.Bg2 c6 7.O-O Be6 8.b3 Nd7 
9.Nxd4 Nxe5 10.Nxe6 fxe6 11.Bb2 Qd6 12.Qxd6 Bxd6 
13.f4 Bc5+ 14.Kh1 Ng4 15.h3 Ne3 16.Rc1 O-O 17.Nc3 
Nxg2 18.Kxg2 Rad8 19.Rcd1 Nf5 20.e4 Ne3+ 21.Kf3 
Nxd1 22.Rxd1 Bd4 23.Na4 Bxb2 24.Rxd8 Rxd8 25.Nxb2 
Rd2 26.Na4 b6 27.Nc3 Rd3+ 0-1

[Event "HCL-C281"]
[Site "www.playchess.de"]
[Date "2001.04.23"]
[Round "21"]
[White "mirolosera"]
[Black "thalis"]
[WhiteElo "1000"]
[BlackElo "1000"]
[PlyCount "22"]
[Result "0-1"]

1.e4 {hi}  c5 {hi, how are you?  Let´s play a nice 
game!}  2.Bc4 {ok let's do it}  d6 3.Nf3 e5 4.d4 
cxd4 5.Ng5 Nh6 6.Qf3 f6 7.Ne6 Bxe6 8.Bxe6 Na6 
9.Qh5+ g6 10.Qh3 Nc5 {Hi! What about your other 
games? You feel good?}  11.Bd5 
g5 0-1

[Event "HCL-B292"]
[Site "www.playchess.de"]
[Date "2001.04.23"]
[Round "5"]
[White "PDelaquess"]
[Black "vijal"]
[WhiteElo "1330"]
[BlackElo "737"]
[PlyCount "71"]
[Result "1-0"]

1.e4 e5 2.f4 d6 3.Nf3 exf4 4.d4 c6 5.Bxf4 Nf6 
6.Bd3 Be7 7.O-O Bg4 8.Nbd2 Nbd7 9.c4 O-O 10.h3 Bh5 
11.Qb3 Qc8 12.g4 Bg6 13.Nh4 b5 14.Nxg6 hxg6 
15.cxb5 Rb8 16.Rac1 Rb6 17.Qc3 c5 18.Nc4 Qb7 
19.Nxb6 axb6 20.d5 Qc7 21.b4 Qa7 22.Rc2 Nh7 
23.bxc5 bxc5 24.Kh1 Bf6 25.Qb3 Be5 26.Bxe5 Nxe5 
27.b6 Qb7 28.Rb1 Rc8 29.a4 Ng5 30.a5 Nxd3 31.Qxd3 
Re8 32.a6 Qb8 33.Qb5 Rxe4 34.a7 Qb7 35.Ra2 Qxd5 
36.a8Q+ {%}  1-0

[Event "HCL-B295"]
[Site "www.playchess.de"]
[Date "2001.04.23"]
[Round "5"]
[White "Volcano"]
[Black "vijal"]
[WhiteElo "1500"]
[BlackElo "799"]
[PlyCount "24"]
[Result "0-1"]

1.e4 e5 2.f4 d6 3.Nf3 exf4 4.d4 c5 5.Bxf4 Nc6 
6.Bb5 Bd7 7.d5 Nce7 8.Qd3 a6 9.Bxd7+ Qxd7 10.O-O 
Nf6 11.Bg5 Ng4 12.Nbd2 Ng6 0-1

[Event "HCL-C285"]
[Site "www.playchess.de"]
[Date "2001.04.23"]
[Round "17"]
[White "docdds"]
[Black "spinny33"]
[WhiteElo "603"]
[BlackElo "573"]
[PlyCount "61"]
[Result "1-0"]

1.d4 d5 2.c4 e6 3.Nc3 Nf6 4.Bg5 h6 5.Bxf6 gxf6 
6.cxd5 exd5 7.e4 dxe4 8.Nxe4 f5 9.Nd2 Bg7 10.Nb3 
O-O 11.Be2 Re8 12.Nf3 Nc6 13.O-O Qe7 14.Re1 f4 
15.Bd3 Be6 16.d5 Ne5 17.dxe6 Qxe6 18.Nxe5 Bxe5 
19.Nc5 Qb6 20.Qg4+ Kf8 21.Nd7+ Ke7 {good move}  
22.Nxb6 {thanks; i get one right every so often}  
cxb6 23.Rxe5+ Kf8 24.Rxe8+ Rxe8 25.Bh7 f3 26.Qxf3 
f5 27.Qxf5+ Ke7 {put me out of my misery!!!}  
28.Re1+ Kd8 29.Qf6+ Kd7 30.Bf5+ Kc7 
31.Rxe8 1-0

[Event "HCL-B298"]
[Site "www.playchess.de"]
[Date "2001.04.23"]
[Round "1"]
[White "Ralph"]
[Black "ericlep2"]
[WhiteElo "1200"]
[BlackElo "1401"]
[PlyCount "80"]
[Result "0-1"]

1.e4 d6 2.Nc3 Nf6 3.Nf3 g6 4.Bc4 Bg7 5.h3 O-O 6.d4 
Nxe4 7.Nxe4 d5 8.Bxd5 Qxd5 9.Nc3 Qc4 10.Qe2 Qxe2+ 
11.Nxe2 Bf5 12.c4 Bd3 13.b3 Nc6 14.Nf4 Nxd4 
15.Nxd3 Nxf3+ 16.gxf3 Bxa1 17.Ke2 Bg7 18.a4 b6 
19.Nb4 c5 20.Nd5 e6 21.Ne3 Rfd8 22.Rd1 Rxd1 
23.Nxd1 Rd8 24.Be3 Bd4 25.f4 f6 26.f3 Kf7 27.Nf2 
e5 28.Nd3 Bxe3 29.Kxe3 exf4+ 30.Ke2 g5 31.Kd2 Ke6 
32.Ke2 Rxd3 33.Kxd3 Ke5 34.Kc3 h5 35.Kd3 f5 36.Kc3 
g4 37.a5 bxa5 38.hxg4 fxg4 39.fxg4 hxg4 40.b4 
axb4+ 0-1

[Event "ACL-A163"]
[Site "www.playchess.de"]
[Date "2001.04.23"]
[Round "5"]
[White "Dragusin"]
[Black "Gutovsky"]
[WhiteElo "1500"]
[BlackElo "1500"]
[PlyCount "62"]
[Result "0-1"]

1.d3 e5 2.e3 d5 3.Qe2 Nc6 4.e4 Nf6 5.c4 Nd4 6.Qd2 
dxe4 7.Nh3 Bxh3 8.a3 exd3 9.Qxd3 Bf5 10.Qd2 Nc2+ 
11.Kd1 Qxd2+ 12.Bxd2 Nxa1 13.Nc3 O-O-O 14.Ke1 Nc2+ 
15.Ke2 Ne4 16.Bc1 Nxc3+ 17.bxc3 Bd3+ 18.Kd2 Bxf1+ 
19.Kxc2 Bxc4 20.a4 a6 21.f3 b5 22.a5 b4 23.cxb4 
Bxb4 24.g4 Rd5 25.Bb2 Rd2+ 26.Kc1 Rhd8 27.Re1 Bb3 
28.Kb1 {Congratulation. You are the best}  R2d1+ 
29.Rxd1 Rxd1+ 30.Bc1 Ba3 31.h3 
Rxc1+ 0-1

[Event "HCL-B298"]
[Site "www.playchess.de"]
[Date "2001.04.23"]
[Round "6"]
[White "sboehnisch"]
[Black "Petra"]
[WhiteElo "1177"]
[BlackElo "1042"]
[PlyCount "40"]
[Result "0-1"]

1.b4 e5 2.Nc3 Bxb4 3.Nf3 Nc6 4.e3 d5 5.Ng5 Qxg5 
6.Nxd5 Nge7 7.Nxc7+ Kd8 8.Nxa8 e4 9.c3 Ba5 10.Ba3 
Bg4 11.Qa4 Kd7 12.h4 Qf6 13.Rb1 Rxa8 14.Rxb7+ Bc7 
15.Bc5 Nf5 16.Bxa7 Kc8 17.Ba6 Nxa7 18.Qxe4 Qxa6 
19.Rxc7+ Kxc7 20.Qxa8 Qe2+ 0-1

[Event "HCL-B297"]
[Site "www.playchess.de"]
[Date "2001.04.23"]
[Round "9"]
[White "gingy"]
[Black "pegasus"]
[WhiteElo "1439"]
[BlackElo "1200"]
[PlyCount "59"]
[Result "1-0"]

1.d4 d5 2.c4 dxc4 3.e3 e5 4.Nf3 e4 5.Nfd2 Bb4 
6.Nc3 Bxc3 7.bxc3 Nf6 8.Ba3 Bg4 9.Qa4+ c6 10.Qxc4 
b5 11.Qb3 a5 12.g3 b4 13.cxb4 O-O 14.Bg2 a4 15.Qc2 
Ra6 16.Nxe4 Re8 17.O-O Qd5 18.Nxf6+ gxf6 19.Bxd5 
cxd5 20.Qc7 Rc6 21.Qf4 h5 22.b5 Rce6 23.Rac1 Kh7 
24.Rc7 Kg6 25.Bc1 R6e4 26.Qd6 Nd7 27.f3 R4e6 
28.Qxd7 R6e7 29.Qxe7 Rxe7 30.Rxe7 1-0

[Event "HCL-A131"]
[Site "www.playchess.de"]
[Date "2001.04.23"]
[Round "4"]
[White "Matti"]
[Black "Translightor"]
[WhiteElo "1597"]
[BlackElo "1414"]
[PlyCount "88"]
[Result "0-1"]

1.e4 {Hallöchen. Wünsche dir viel Spaß.}  e5 
{Danke und dito.}  2.Nf3 Nc6 3.Bc4 Bc5 4.d3 Nf6 
5.Bg5 h6 6.Bh4 d6 7.h3 Be6 8.Bxe6 fxe6 9.c3 d5 
10.Qb3 Bb6 11.Bxf6 gxf6 12.Nbd2 Qd7 13.O-O-O O-O-O 
14.Rhf1 Rhg8 15.g4 f5 16.gxf5 exf5 17.Nh4 f4 
18.Nf5 h5 19.Nf3 Rg2 20.Qxd5 Bxf2 21.Rd2 Qxf5 {Ich 
Blödmann - wieso spiele ich nicht Txf2? Na ja, 
vielleicht rettet Dxf5!}  22.Qxd8+ {Den Zug 
verstehe ich irgendwie nicht.}  Kxd8 {Ich schon. 
Weil der Sf5 gleich nicht mehr da ist, kann ich 
gleich Le3 spielen.}  23.exf5 Be3 24.Re1 Bxd2+ 
25.Nxd2 Ke7 26.Ne4 Rh2 27.f6+ Ke6 28.Rg1 Nd8 
29.Rg8 Nf7 30.Re8+ Kf5 31.Re7 Kg6 32.Rxc7 f3 
33.Rxb7 f2 34.Nxf2 Rxf2 35.Rxa7 Rh2 36.a4 Rxh3 
37.a5 Rxd3 38.a6 Rd6 39.Ra8 Kxf6 40.c4 Rc6 41.b3 
h4 42.a7 Ra6 43.b4 h3 44.b5 h2 0-1

[Event "HCL-A131"]
[Site "www.playchess.de"]
[Date "2001.04.23"]
[Round "6"]
[White "KnightCap"]
[Black "Translightor"]
[WhiteElo "1700"]
[BlackElo "1414"]
[PlyCount "59"]
[Result "1-0"]

1.d4 {All the best!}  Nf6 {Thanks. Welcome at 
PlayChess. Enjoy your games here!}  2.Nf3 e6 3.e3 
Be7 4.Bd3 O-O 5.O-O b6 6.c4 Bb7 7.Nc3 c5 8.d5 exd5 
9.cxd5 d6 10.e4 Nbd7 11.Bf4 Ne8 12.Qe2 Bf6 13.Rab1 
a5 14.Rfc1 Nc7 15.Bxd6 Re8 16.e5 g6 17.Bc4 Be7 
18.Bxe7 Rxe7 19.d6 Re8 20.dxc7 Qxc7 21.Nb5 Qb8 
22.Nd6 Re7 23.Bxf7+ Kg7 24.Nxb7 Rxf7 25.Nd6 Re7 
26.Qd2 Nxe5 27.Nxe5 Rxe5 28.Qc3 Qxd6 29.Rce1 Rae8 
30.f4 1-0

[Event "HCL-A131"]
[Site "www.playchess.de"]
[Date "2001.04.23"]
[Round "11"]
[White "Matti"]
[Black "LUCIANO"]
[WhiteElo "1597"]
[BlackElo "1268"]
[PlyCount "60"]
[Result "0-1"]

1.e4 {Hello. I wish you a good game!}  c5 2.Nc3 
Nc6 3.Nf3 g6 4.d4 cxd4 5.Nxd4 Bg7 6.Be3 Nf6 7.Bb5 
O-O 8.f3 a6 9.Ba4 b5 10.Bb3 Bb7 11.O-O d6 12.Qd2 
Nxd4 13.Bxd4 e6 14.Rad1 Qc7 15.Bxf6 Bxf6 16.Qxd6 
Qxd6 17.Rxd6 Rfc8 18.Rd3 Rc7 19.Re1 Bc6 20.e5 Bg7 
21.f4 a5 22.a4 bxa4 23.Nxa4 Rb8 24.Rc3 Rcc8 
25.Ree3 Bf8 26.Red3 Bxa4 27.Rxc8 Rxc8 28.Bxa4 Rc4 
29.Bb3 Rxf4 30.Rd7 Bc5+ 0-1

[Event "HCL-C294"]
[Site "www.playchess.de"]
[Date "2001.04.23"]
[Round "31"]
[White "olaf"]
[Black "JRockne"]
[WhiteElo "1274"]
[BlackElo "814"]
[PlyCount "99"]
[Result "1-0"]

1.e4 e5 2.Nf3 Nc6 3.Bc4 Bc5 4.c3 Nf6 5.Ng5 O-O 
6.O-O d6 7.b4 Bb6 8.Qb3 Qe7 9.d3 h6 10.Nf3 Nd8 
11.a4 a6 12.Ba3 Be6 13.Nbd2 Ba7 14.Rfe1 Bxc4 
15.Nxc4 Ne6 16.Ne3 Bxe3 17.Rxe3 b5 18.Bc1 Rfd8 
19.axb5 axb5 20.Rxa8 Rxa8 21.Bb2 c6 22.c4 bxc4 
23.Qxc4 Qb7 24.Re1 c5 25.b5 Ra5 26.Ra1 Rxb5 27.Bc1 
Rb1 28.Rxb1 Qxb1 29.g3 Nd7 30.Kg2 Nb6 31.Qc3 Na4 
32.Qc4 Nb2 33.Bxb2 Qxb2 34.Qa6 Qb8 35.Nd2 Nd4 
36.Nc4 Qb3 37.Nxd6 Qe6 38.h3 Nb3 39.Qa8+ Kh7 
40.Qd5 Nc1 41.Nxf7 Qb6 42.Nxe5 Nb3 43.Nc4 Qb4 
44.e5 Nd2 45.e6 Nxc4 46.dxc4 Qe1 47.Qf5+ Kh8 
48.Qf8+ Kh7 49.e7 Qe4+ 50.Kh2 1-0

[Event "HCL-A128"]
[Site "www.playchess.de"]
[Date "2001.04.23"]
[Round "10"]
[White "countdown"]
[Black "bundori"]
[WhiteElo "2101"]
[BlackElo "1716"]
[PlyCount "34"]
[Result "0-1"]

1.e4 e6 2.d4 d5 3.Nc3 Bb4 4.e5 c5 5.a3 Bxc3+ 
6.bxc3 Ne7 7.Qg4 cxd4 8.cxd4 Qc7 9.Bd2 Qxc2 
10.Qxg7 Rg8 11.Qf6 Nf5 12.Bb5+ Bd7 13.Rc1 Qxc1+ 
14.Bxc1 Bxb5 15.g4 Nd7 16.gxf5 Nxf6 17.exf6 
Rc8 0-1

[Event "ACL-A162"]
[Site "www.playchess.de"]
[Date "2001.04.23"]
[Round "25"]
[White "DIG"]
[Black "borat"]
[WhiteElo "1692"]
[BlackElo "1500"]
[PlyCount "23"]
[Result "1-0"]

1.e4 e6 2.Nf3 Qf6 3.Nc3 Bc5 4.e5 Qf5 5.d4 Bb4 
6.Ng5 h6 7.Bd3 Qxd3 8.Qxd3 hxg5 9.Bxg5 Rh5 10.f4 
Nh6 11.Qf3 g6 12.g4 1-0

[Event "HCL-A145"]
[Site "www.playchess.de"]
[Date "2001.04.23"]
[Round "6"]
[White "Arcant"]
[Black "myosotis1984"]
[WhiteElo "1704"]
[BlackElo "1331"]
[PlyCount "61"]
[Result "1-0"]

1.d4 {Hello and good luck}  Nf6 2.Nc3 d5 3.e4 dxe4 
4.f3 exf3 5.Qxf3 e6 6.Bf4 c6 7.O-O-O Bd6 8.Bd3 
Bxf4+ 9.Qxf4 Nd5 10.Nxd5 cxd5 11.Rf1 Qe7 12.Nf3 b6 
13.Ne5 f6 14.Bb5+ Bd7 15.Bxd7+ Nxd7 16.Nc6 Qf7 
17.Qd6 Nf8 18.Nb4 Qd7 19.Qg3 Ng6 20.Nd3 O-O 21.c3 
Rac8 22.h4 Qa4 23.h5 Ne7 24.Nf4 Rc6 25.Rfe1 Nf5 
26.Qh3 Nxd4 27.Kb1 Qc2+ 28.Ka1 Nb3+ 29.axb3 e5 
30.Qd7 Rfc8 31.Ne6 1-0

[Event "ACL-M004"]
[Site "www.playchess.de"]
[Date "2001.04.23"]
[Round "9"]
[White "dzwonek"]
[Black "peze"]
[WhiteElo "1722"]
[BlackElo "1908"]
[PlyCount "98"]
[Result "0-1"]

1.d4 {Hi, welcome again. Have a good game!}  Nf6 
{Hi! Thanks and good luck!}  2.Nf3 e6 3.c4 b6 4.e3 
Bb7 5.Nc3 d5 6.Bd3 Nbd7 7.cxd5 exd5 8.O-O Bd6 
9.Nh4 g6 10.Nf3 a6 11.b3 Ne4 12.Qc2 f5 13.Bb2 O-O 
14.Rad1 Qe7 15.Rdc1 Rae8 16.Qe2 b5 17.a4 b4 18.Nd1 
a5 19.Ba6 Bxa6 20.Qxa6 Rea8 21.Qc6 Ndf6 22.Re1 Qe8 
23.Qc2 Nd7 24.Re2 Qe6 25.Qd3 Nef6 26.Ng5 {It looks 
equal, but I see some opportunities.}  Qe7 27.Rec2 
Ra7 28.Ba1 Re8 29.Qb5 Rb8 30.Qe2 h6 31.Nf3 Re8 
32.Qd3 Qe4 33.Nb2 Raa8 34.Qb5 f4 35.Nd1 Nf8 
36.R2c6 Ne6 37.h3 Ng5 38.Nxg5 hxg5 39.Qe2 Qf5 
40.Qc2 g4 41.Qxf5 gxf5 42.Kf1 Kf7 43.Bb2 f3 44.h4 
fxg2+ 45.Kxg2 Reh8 46.R6xc7+ Bxc7 47.Rxc7+ Kg6 
48.Rc6 Rac8 49.Rc5 Ne4 0-1

[Event "HCL-C310"]
[Site "www.playchess.de"]
[Date "2001.04.23"]
[Round "7"]
[White "esad"]
[Black "Jeremy"]
[WhiteElo "1602"]
[BlackElo "1325"]
[PlyCount "44"]
[Result "0-1"]

1.d4 Nf6 2.c4 e6 3.Bg5 Be7 4.e3 d5 5.c5 O-O 6.Nf3 
c6 7.Bd3 Nbd7 8.Bc2 Ne4 9.Bf4 f5 10.O-O Ndf6 11.h3 
Nh5 12.Be5 Qe8 13.Nbd2 Qg6 14.Bd6 Nxd6 15.cxd6 
Bxd6 16.Nh4 Qh6 17.a3 g5 18.Nhf3 g4 19.hxg4 fxg4 
20.Nh2 g3 21.fxg3 Qxe3+ 22.Kh1 
Nxg3+ 0-1

[Event "HCL-B317"]
[Site "www.playchess.de"]
[Date "2001.04.23"]
[Round "4"]
[White "vijal"]
[Black "jhvn"]
[WhiteElo "902"]
[BlackElo "1336"]
[PlyCount "32"]
[Result "0-1"]

1.d4 d5 2.Nf3 c6 3.Bf4 e6 4.a3 b6 5.e3 Nf6 6.c4 
Bd6 7.Bxd6 Qxd6 8.Nc3 a5 9.Be2 dxc4 10.O-O b5 
11.Qc2 Qe7 12.h3 Bb7 13.Ne5 a4 14.Bf3 Qc7 15.Qe4 
Nxe4 16.Nxe4 f6 0-1

[Event "HCL-B325"]
[Site "www.playchess.de"]
[Date "2001.04.23"]
[Round "1"]
[White "LADY"]
[Black "vijal"]
[WhiteElo "786"]
[BlackElo "899"]
[PlyCount "56"]
[Result "0-1"]

1.d4 d5 2.Nc3 Nf6 3.b4 Bf5 4.e3 {Hope you had a 
great Easter}  a6 5.h3 c6 6.g4 Bg6 7.Bg2 e6 8.Nf3 
Bd6 {hope you had a good Easter too}  9.Ne5 Nbd7 
10.Nd3 Nb6 {hello, fro New Jersey, Happy Easter 
USA}  11.Nc5 {Hello to u from NC}  Nc4 12.Nxb7 Qc7 
13.Nxd6+ Qxd6 14.g5 Ne4 15.Nxe4 Bxe4 16.f3 Bg6 
17.f4 Qxb4+ 18.Kf1 Qb5 19.Qe1 Nxe3+ 20.Kf2 Nxc2 
21.Qc3 Nxa1 22.Qxa1 O-O 23.a4 Qd3 24.Ba3 Rfb8 
25.Rd1 Qc2+ 26.Ke1 Qxg2 27.Bc5 Rb2 28.Ba3 
Qe2+ 0-1

[Event "ACL-A173"]
[Site "www.playchess.de"]
[Date "2001.04.23"]
[Round "4"]
[White "Qaurial"]
[Black "DKCozy"]
[WhiteElo "1856"]
[BlackElo "1795"]
[PlyCount "66"]
[Result "0-1"]

1.e4 e6 2.d4 b6 3.Nc3 Bb4 4.Qg4 Bxc3+ 5.bxc3 Qf6 
6.Bd3 h5 7.Qg3 g6 8.Bg5 Qg7 9.Qxc7 Nc6 10.Bb5 Nge7 
11.e5 O-O 12.Qd6 Nf5 13.Qa3 Ncxd4 14.cxd4 Nxd4 
15.Qd3 Qxe5+ 16.Ne2 Nxe2 17.Qxe2 Qxa1+ 18.Kd2 Qd4+ 
19.Bd3 Ba6 20.Be3 Qb4+ 21.Kc1 Bxd3 22.Qxd3 Qe7 
23.h4 Kh7 24.g4 f5 25.Bg5 Qf7 26.gxh5 gxh5 27.Rd1 
d5 28.f4 Rac8 29.Qe2 Rc7 30.Re1 Rfc8 31.Qxe6 
R7xc2+ 32.Kb1 Qxe6 33.Rxe6 d4 0-1

[Event "HCL-C315"]
[Site "www.playchess.de"]
[Date "2001.04.23"]
[Round "9"]
[White "Hubb"]
[Black "TRUBLU"]
[WhiteElo "1100"]
[BlackElo "1011"]
[PlyCount "61"]
[Result "1-0"]

1.e4 e5 2.Nf3 d6 3.Bc4 h6 4.d4 Qe7 5.dxe5 dxe5 
6.Nc3 c6 7.O-O b5 8.Bb3 b4 9.Ne2 Nf6 10.Ng3 g6 
11.h3 Bg7 12.Re1 O-O 13.Be3 Rd8 14.Qe2 Ba6 15.Bc4 
Bxc4 16.Qxc4 Nbd7 17.Rad1 Nb6 18.Rxd8+ Rxd8 
19.Bxb6 Rd7 20.Bc5 Qd8 21.Nxe5 Rd1 22.Qxf7+ Kh8 
23.Nxg6+ Kh7 24.Rxd1 Qxd1+ 25.Kh2 Qd7 26.Nf8+ 
{You're going to hate me for this !}  Kh8 27.Nxd7 
Nxd7 28.Nh5 Be5+ {win sum,lose sum!!}  29.f4 Bxf4+ 
30.Nxf4 Ne5 31.Ng6+ {NxN (only move) QxN then a 
pawn move (forced) and Bd4 checkmate} 
 1-0

[Event "HCL-B325"]
[Site "www.playchess.de"]
[Date "2001.04.23"]
[Round "11"]
[White "LADY"]
[Black "damage_kase"]
[WhiteElo "786"]
[BlackElo "1388"]
[PlyCount "42"]
[Result "0-1"]

1.d4 d5 2.Nc3 Nc6 3.g3 e5 4.h4 exd4 5.Nf3 dxc3 
6.bxc3 Qf6 7.Nd4 Bc5 8.Rb1 Nge7 9.e3 O-O 10.a4 
Nxd4 11.cxd4 Bd6 12.a5 Nc6 13.a6 bxa6 14.c3 Na5 
15.Qa4 Nc4 16.Qc6 Qe6 17.Qxa8 Qe4 18.Rb8 Qxh1 
19.Qxa7 Bh3 20.Rxf8+ Bxf8 21.Qxc7 
Qxf1+ 0-1

[Event "HCL-B323"]
[Site "www.playchess.de"]
[Date "2001.04.23"]
[Round "11"]
[White "vijal"]
[Black "lonewolf"]
[WhiteElo "902"]
[BlackElo "1710"]
[PlyCount "52"]
[Result "0-1"]

1.d4 Nf6 {Hi,have a good game.}  2.c4 e6 3.Nf3 d5 
4.a3 dxc4 5.Nc3 a6 6.Qa4+ b5 7.Qc2 c5 8.dxc5 Bxc5 
9.e3 Bb7 10.b4 cxb3 11.Qxb3 Nc6 12.Bb2 O-O 13.Be2 
Na5 14.Qc2 Nc4 15.Bxc4 bxc4 16.O-O Qd3 17.Qc1 Bxf3 
18.gxf3 Rfd8 19.Ne4 Nxe4 20.fxe4 Qxe4 21.Qc3 Qg4+ 
22.Kh1 Rd3 23.Qe5 Bd6 24.Qa5 Qf3+ 25.Kg1 Rd5 
26.Qxd5 exd5 0-1

[Event "ACL-A179"]
[Site "www.playchess.de"]
[Date "2001.04.23"]
[Round "6"]
[White "paard"]
[Black "vijal"]
[WhiteElo "1571"]
[BlackElo "1373"]
[PlyCount "21"]
[Result "1-0"]

1.d4 d5 2.c4 dxc4 3.e4 e5 4.Nf3 exd4 5.Bxc4 Bb4+ 
6.Bd2 Bxd2+ 7.Nbxd2 Nf6 8.e5 Nd5 9.Qb3 c6 10.Bxd5 
Qxd5 11.Qxd5 1-0

[Event "HCL-B323"]
[Site "www.playchess.de"]
[Date "2001.04.23"]
[Round "16"]
[White "hassell"]
[Black "vijal"]
[WhiteElo "1745"]
[BlackElo "902"]
[PlyCount "49"]
[Result "1-0"]

1.e4 {Hi again}  e5 2.Nf3 Nc6 3.Bc4 Bc5 4.c3 Nf6 
5.d3 h6 6.Nbd2 d6 7.Nf1 Be6 8.Bxe6 fxe6 9.Ng3 Ne7 
10.O-O O-O 11.b4 Bb6 12.a4 a5 13.b5 Ng6 14.d4 exd4 
15.cxd4 e5 16.Qb3+ Kh8 17.dxe5 Nxe5 18.Nxe5 dxe5 
19.Ba3 Re8 20.Rad1 Qc8 21.Nf5 Nxe4 22.Qf7 Rg8 
23.Rde1 Ng5 24.Qg6 Qe6 25.Qxe6 1-0

[Event "HCL-C320"]
[Site "www.playchess.de"]
[Date "2001.04.23"]
[Round "14"]
[White "thalis"]
[Black "litty"]
[WhiteElo "1101"]
[BlackElo "1000"]
[PlyCount "37"]
[Result "1-0"]

1.e4 e5 2.Nf3 Nf6 3.Nxe5 Qe7 4.d4 Nxe4 5.Bd3 f6 
6.Qh5+ Kd8 7.Nf7+ Ke8 8.Nxh8+ Kd8 9.Nf7+ Ke8 
10.Nd6+ Kd8 11.Nxe4 Nc6 12.c3 h6 13.O-O d6 14.Bd2 
f5 15.Re1 d5 16.Nc5 Bd7 17.Rxe7 Bxe7 18.Bxf5 Be8 
19.Nxb7+ 1-0

[Event "HCL-B328"]
[Site "www.playchess.de"]
[Date "2001.04.23"]
[Round "6"]
[White "lebesgue"]
[Black "yxw1"]
[WhiteElo "1804"]
[BlackElo "1489"]
[PlyCount "24"]
[Result "0-1"]

1.d4 Nf6 2.Nf3 d5 3.Bf4 Nc6 4.e3 Bg4 5.Bb5 e6 6.c3 
Bd6 7.Bxd6 Qxd6 8.Qa4 Bxf3 9.gxf3 Nd7 10.Nd2 Nb6 
11.Bxc6+ bxc6 12.f4 Nxa4 0-1

[Event "HCL-C322"]
[Site "www.playchess.de"]
[Date "2001.04.23"]
[Round "4"]
[White "thalis"]
[Black "MEATHEAD"]
[WhiteElo "1202"]
[BlackElo "973"]
[PlyCount "53"]
[Result "1-0"]

1.e4 e5 2.f4 exf4 3.Nf3 d6 4.d4 Nh6 5.Bc4 Qe7 
6.Nc3 c6 7.O-O g6 8.Bxf4 Bg7 9.e5 O-O 10.Bg5 Qd7 
11.Bf6 dxe5 12.Bxg7 Kxg7 13.Nxe5 Qe7 14.Re1 Be6 
15.d5 Qc5+ 16.Kh1 cxd5 17.Bxd5 Bd7 18.Bxb7 Bc6 
19.Nxc6 Nxc6 20.Bxa8 Rxa8 21.Ne4 Qf5 22.Qd6 Nd8 
23.Qd4+ f6 24.Nd6 Qxc2 25.Ne8+ Kf8 26.Qxf6+ Ndf7 
27.Qg7+ 1-0

[Event "HCL-C321"]
[Site "www.playchess.de"]
[Date "2001.04.23"]
[Round "26"]
[White "MEATHEAD"]
[Black "Tim"]
[WhiteElo "973"]
[BlackElo "642"]
[PlyCount "39"]
[Result "1-0"]

1.e4 e5 2.Qh5 g6 3.Qxe5+ Qe7 4.Qxh8 Nf6 5.Nc3 c6 
6.d3 b6 7.Bg5 d6 8.Bxf6 Qe6 9.Nf3 Kd7 10.Ng5 Qe8 
11.Qxh7 c5 12.d4 Be7 13.Nd5 Bd8 14.Bb5+ Nc6 
15.Bxc6+ Kxc6 16.O-O Bxf6 17.Nxf6 Qd8 18.Qxf7 a5 
19.c4 Rb8 20.d5+ 1-0

[Event "HCL-B332"]
[Site "www.playchess.de"]
[Date "2001.04.23"]
[Round "7"]
[White "Percolator"]
[Black "hassell"]
[WhiteElo "1770"]
[BlackElo "1696"]
[PlyCount "46"]
[Result "0-1"]

1.e4 e5 {Hi}  2.Nf3 Nc6 3.Bc4 Nf6 4.O-O Bc5 5.Nc3 
d6 6.h3 Be6 7.Bxe6 fxe6 8.d3 O-O 9.Bg5 Qd7 10.Na4 
Bb6 11.Nxb6 axb6 12.Nh2 h6 13.Bh4 Ne7 14.Qd2 Ng6 
15.Bxf6 Rxf6 16.Ng4 Rf7 17.c3 Raf8 18.Rac1 Nf4 
19.Rc2 Qd8 20.Qe3 Qg5 21.f3 h5 22.Nh2 Nxh3+ 23.Kh1 
Qxe3 0-1

[Event "HCL-B331"]
[Site "www.playchess.de"]
[Date "2001.04.23"]
[Round "1"]
[White "rbverhoef"]
[Black "Stephen21"]
[WhiteElo "1550"]
[BlackElo "1190"]
[PlyCount "39"]
[Result "1-0"]

1.d4 d5 2.c4 {Hallo, succes!!!}  dxc4 3.Nc3 e6 {ja 
jij ook. Waar woon je in nederland?}  4.e4 Bb4 
5.Bxc4 Nf6 6.Bg5 Nbd7 7.e5 h6 8.Bh4 g5 9.Bxg5 Rg8 
10.Bh4 Rg4 11.Bxf6 Nxf6 12.exf6 Qxf6 13.Qxg4 e5 
14.Qg8+ Ke7 {had ik al verwacht ^_^}  15.Kd1 Qxf2 
16.Nd5+ Kd6 17.Nxb4 Bg4+ 18.Qxg4 Qxb2 19.dxe5+ Kc5 
20.Nd3+ 1-0

[Event "ACL-A091"]
[Site "www.playchess.de"]
[Date "2001.04.23"]
[Round "21"]
[White "Drawmaster"]
[Black "Zsozso"]
[WhiteElo "1500"]
[BlackElo "1548"]
[PlyCount "32"]
[Result "0-1"]

1.c4 {Best of luck}  f5 {Good luck!}  2.Nc3 Nf6 
3.Nf3 g6 4.d4 Bg7 5.Bf4 O-O 6.e3 d6 7.Bd3 c6 8.O-O 
Qe8 9.a3 Nbd7 10.c5 dxc5 11.dxc5 Nxc5 12.Bc4+ Kh8 
13.Re1 Nce4 14.Bd3 Nxc3 15.bxc3 Nd7 16.Ng5 
e5 0-1

[Event "HCL-A046"]
[Site "www.playchess.de"]
[Date "2001.04.24"]
[Round "18"]
[White "Patmatter"]
[Black "Mandrake"]
[WhiteElo "1900"]
[BlackElo "1498"]
[PlyCount "53"]
[Result "1-0"]

1.c4 f5 2.Nc3 Nf6 3.g3 e6 4.Bg2 c6 5.d4 g6 6.Bg5 
Bg7 7.Nf3 d6 8.O-O O-O 9.Qc2 h6 10.Bd2 Na6 11.a3 
Nc7 12.b4 Bd7 13.c5 Be8 14.Bf4 d5 15.Bd6 Rf7 
16.Ne5 Bd7 17.Nxf7 Kxf7 18.f3 g5 19.e4 Nce8 20.Be5 
a5 21.Qb3 axb4 22.axb4 Rxa1 23.Rxa1 Bc8 24.b5 Bd7 
25.bxc6 bxc6 26.Qb6 Qxb6 27.cxb6 1-0

[Event "HCL-B141"]
[Site "www.playchess.de"]
[Date "2001.04.24"]
[Round "3"]
[White "rikkirich"]
[Black "takesa"]
[WhiteElo "1402"]
[BlackElo "1200"]
[PlyCount "66"]
[Result "0-1"]

1.e4 c5 2.Nf3 Nc6 3.c3 Nf6 4.d3 e6 5.d4 Nxe4 6.Be3 
d5 7.Bb5 Bd7 8.Bxc6 Bxc6 {nice to be playing 
again:)}  9.Ne5 Bd6 10.Nxc6 bxc6 11.Nd2 Qc7 
12.Nxe4 dxe4 13.dxc5 Bxh2 14.Qg4 Be5 15.Qxe4 g6 
16.Bd4 Bxd4 17.Qxd4 e5 18.Qd6 Qxd6 19.cxd6 Kd7 
20.O-O-O h5 21.a4 a5 22.Rd2 Rab8 23.Kc2 Rb6 
24.Rhd1 Rhb8 25.Kb1 R6b3 26.Ka2 f5 {this is 
tempo!}  27.Re1 e4 {tempo for a while}  28.f3 R3b6 
29.fxe4 Re8 30.e5 Re6 {what time zone are you in?} 
 31.Ka3 {eastern-ny}  Rb8 32.b4 axb4+ 33.cxb4 
Rbe8 0-1

[Event "ACL-E002"]
[Site "www.playchess.de"]
[Date "2001.04.24"]
[Round "5"]
[White "Milamber"]
[Black "peze"]
[WhiteElo "2105"]
[BlackElo "1876"]
[PlyCount "87"]
[Result "1/2-1/2"]

1.d4 Nf6 2.c4 e6 3.Nf3 b6 4.g3 Ba6 5.b3 Bb7 6.Bg2 
Bb4+ 7.Bd2 a5 8.O-O O-O 9.Qc2 c5 10.dxc5 Bxc5 
11.Nc3 Na6 12.Rad1 d6 13.Bc1 Qe7 14.Na4 Rfd8 
15.Bb2 e5 16.a3 Be4 17.Qd2 Rac8 18.Bh3 Rcb8 
19.Nxc5 Nxc5 20.b4 axb4 21.axb4 Na4 22.Ba1 b5 
23.cxb5 Rxb5 24.Nh4 Nb6 25.f3 Bg6 26.e4 Nc4 27.Qc3 
d5 28.exd5 Qa7+ 29.Rf2 Rbxd5 30.Rxd5 Nxd5 31.Qxc4 
Qxa1+ 32.Bf1 Qa3 33.Nxg6 hxg6 34.Re2 Ne3 35.Qc7 
Qd3 36.Qc1 Nf5 37.Kg2 Nd4 38.Re3 Qf5 39.Bd3 Qg5 
40.h4 Qe7 41.Qc4 g5 42.h5 Qb7 43.Be4 Qd7 {Wir 
sollten langsam über ein remis nachdenken!}  
44.Qc5 {Ich habe gehofft meinen Freibauer 
verwerten zu können. Schade!}  1/2-1/2

[Event "HCL-B148"]
[Site "www.playchess.de"]
[Date "2001.04.24"]
[Round "11"]
[White "sarek"]
[Black "BorEl"]
[WhiteElo "1116"]
[BlackElo "1490"]
[PlyCount "51"]
[Result "1-0"]

1.e4 c5 2.c3 Nf6 3.e5 Nd5 4.Nf3 Nc6 5.Bc4 Nb6 
6.Bb3 c4 7.Bc2 Qc7 8.Qe2 e6 9.O-O d5 10.d6 Bxd6 
11.d3 cxd3 12.Qxd3 Ne5 13.Nxe5 Bxe5 14.Be3 Bxh2+ 
15.Kh1 Bf4 16.Nd2 Bd7 17.Rfd1 O-O-O 18.Bxf4 Qxf4 
19.Nf3 Bc6 20.Qe2 Bxf3 21.Qxf3 Qxf3 22.gxf3 Rxd1+ 
23.Rxd1 h5 24.Kh2 Rd8 25.Rxd8+ Kxd8 
26.Kg3 1-0

[Event "HCL-E020"]
[Site "www.playchess.de"]
[Date "2001.04.24"]
[Round "30"]
[White "MarkusSSG"]
[Black "Pete"]
[WhiteElo "2345"]
[BlackElo "1998"]
[PlyCount "59"]
[Result "1-0"]

1.d4 Nf6 {Hello from Calif. US. I look forward to 
an interesting game.}  2.Bf4 {hello back from 
germany good luck}  d6 3.h3 g6 4.e3 Bg7 5.Nd2 Nbd7 
6.Ngf3 O-O 7.Be2 Re8 8.Bh2 e5 9.O-O exd4 10.exd4 
Nf8 11.Bd3 Bd7 12.c4 Ne6 13.Re1 Nh5 14.Nb3 Bf8 
15.d5 Neg7 16.Nbd4 Rxe1+ 17.Qxe1 Qe8 18.Qb4 b6 
19.Re1 Qc8 20.Bc2 a5 21.Qd2 c5 22.dxc6 Be6 23.Nxe6 
Nxe6 24.Bxd6 Bxd6 25.Qxd6 Nf6 26.Ne5 Ne8 27.Qe7 
Qc7 28.Nd7 Qd6 29.Rxe6 fxe6 30.Nf6+ 1-0